[Event "Iasi op"]
[Site "Iasi"]
[Date "2014.05.13"]
[Round "4"]
[White "Parlog, Stefan"]
[Black "Lehaci, Miruna Daria"]
[Result "0-1"]
[WhiteElo "2005"]
[BlackElo "1505"]
[PlyCount "57"]
[EventDate "2014.05.10"]
[EventType "swiss"]
[EventRounds "9"]
[EventCountry "ROU"]
[SourceTitle "CBM 160 Extra"]
[Source "ChessBase"]
[SourceDate "2014.07.01"]
[SourceVersion "1"]
[SourceVersionDate "2014.07.01"]
[SourceQuality "1"]

1. e4 e6 2. d4 d5 3. Bb5+ c6 4. Bd3 Bd6 5. Qe2 Ne7 6. Be3 Qb6 7. c3 0-0 8. Nd2 Nd7 9. Ngf3 Ng6 10. 0-0 Nf4 11. Bxf4 Bxf4 12. e5 c5 13. dxc5 Qxc5 14. b4 Qc7 15. Rfc1 Nxe5 16. Nxe5 Bxe5 17. Nf3 Bf6 18. Rab1 e5 19. c4 e4 20. cxd5 exd3 21. Qxd3 Qd6 22. Nd2 Rd8 23. Ne4 Qe5 24. Rc4 Bf5 25. Re1 Kf8 26. b5 Bxe4 27. Rcxe4 Qxd5 28. Re8+ Rxe8 29. Qxd5 0-1

[Event "World Amateur-ch"]
[Site "Thessaloniki"]
[Date "2009.05.01"]
[Round "7"]
[White "Parlog, Stefan"]
[Black "Merkouris, Panagiotis"]
[Result "1-0"]
[WhiteElo "1971"]
[BlackElo "1971"]
[PlyCount "91"]
[EventDate "2009.04.27"]
[EventType "swiss"]
[EventRounds "9"]
[EventCountry "GRE"]
[SourceTitle "CBM 130 Extra"]
[Source "ChessBase"]
[SourceDate "2009.07.02"]
[SourceVersion "2"]
[SourceVersionDate "2009.07.15"]
[SourceQuality "1"]

1. f4 d5 2. b3 Bf5 3. Bb2 Nf6 4. Nf3 c5 5. e3 Nc6 6. Bb5 Bd7 7. 0-0 a6 8. Be2 g6 9. Ne5 Bg7 10. d3 0-0 11. Nd2 Ne8 12. Nxd7 Qxd7 13. c3 Nc7 14. d4 b6 15. Bd3 f5 16. Nf3 Ne8 17. Ne5 Bxe5 18. fxe5 b5 19. a4 Nc7 20. Qf3 c4 21. bxc4 bxc4 22. Bc2 Rfb8 23. Ba3 Na5 24. g4 e6 25. gxf5 exf5 26. Qg3 Kh8 27. Qg5 Ne8 28. Rf2 Ng7 29. Be7 Nc6 30. Bf6 Nd8 31. Rg2 Nde6 32. Qh6 Rb2 33. h4 Kg8 34. h5 Rxc2 35. Rxc2 Nxh5 36. Rg2 Nxf6 37. exf6 Qf7 38. Rb1 Qxf6 39. Rb7 Nf8 40. Rgb2 Re8 41. R2b6 Re6 42. Rxe6 Nxe6 43. Qxh7+ Kf8 44. Rb8+ Nd8 45. Qd7 Qg5+ 46. Kf1 1-0

[Event "World Amateur-ch"]
[Site "Thessaloniki"]
[Date "2009.04.29"]
[Round "4"]
[White "Nikoleris, Evangelos"]
[Black "Parlog, Stefan"]
[Result "0-1"]
[WhiteElo "1896"]
[BlackElo "1971"]
[PlyCount "110"]
[EventDate "2009.04.27"]
[EventType "swiss"]
[EventRounds "9"]
[EventCountry "GRE"]
[SourceTitle "CBM 130 Extra"]
[Source "ChessBase"]
[SourceDate "2009.07.02"]
[SourceVersion "2"]
[SourceVersionDate "2009.07.15"]
[SourceQuality "1"]

1. e4 c5 2. c3 d5 3. exd5 Qxd5 4. d4 Nf6 5. Nf3 Bg4 6. Be2 e6 7. 0-0 Nc6 8. Be3 cxd4 9. Nxd4 Bxe2 10. Qxe2 Be7 11. Nxc6 Qxc6 12. Bd4 0-0 13. Nd2 Rfd8 14. Rfd1 Rd5 15. Bxf6 gxf6 16. Nf3 Rad8 17. Kf1 Rxd1+ 18. Rxd1 Rxd1+ 19. Qxd1 Qa6+ 20. Qe2 Qxa2 21. g3 Qd5 22. Kg1 b5 23. Nd4 b4 24. Nb5 bxc3 25. Nxc3 Qe5 26. Qg4+ Kf8 27. Qf3 Bc5 28. Ne4 Bd4 29. b3 Qd5 30. Nd2 Qxf3 31. Nxf3 Bc3 32. Kf1 Ke7 33. Ke2 Kd6 34. Kd3 Ba5 35. Kc4 Bb6 36. Nd2 f5 37. f3 Be3 38. Nb1 Bg1 39. h3 Bf2 40. g4 fxg4 41. hxg4 Ke5 42. Kd3 Kf4 43. Ke2 Bd4 44. Na3 f5 45. Nb5 e5 46. gxf5 Kxf5 47. Kf1 Kf4 48. Kg2 h5 49. Nc7 Ke3 50. Nd5+ Kd3 51. Nf6 Kc3 52. Nxh5 Kxb3 53. f4 a5 54. Ng3 exf4 55. Ne2 Be3 0-1